Pays d'Amérique du Nord par deux premières lettres - Statistiques

Statistiques générales
  • Ce quiz a été pris 1 412 fois
  • Le résultat moyen est 17 sur 23
Réponses sur la Carte
Les réponses sont colorées sur une échelle allant du rouge au vert en fonction du pourcentage des utilisateurs qui les ont devinées à leur premier essai. Vous pouvez retrouver ces pourcentages ci-dessous.
 
Statistiques - réponses
pays % Correct
Canada
99%
Etats-Unis
98%
Mexique
97%
Cuba
87%
Panama
81%
Saint-Christophe- et-Niévès
77%
Sainte-Lucie
77%
Saint-Vincent-et-les- Grenadines
77%
Salvador
77%
Haïti
75%
Nicaragua
75%
Costa Rica
74%
Guatemala
74%
République dominicaine
72%
Bahamas
71%
Barbade
71%
Belize
71%
Honduras
71%
Jamaïque
67%
Dominique
49%
Antigua-et-Barbuda
45%
Trinité-et-Tobago
40%
Grenade
35%
Aucun quiz correspondant
Distribution des résultats
% des personnes avec chaque résultat
Percentile par nombre de réponses
Votre historique - résultats
Vous n’avez pas pris ce quiz